| 000 | 01324nam0a22002771 4500 | ||
|---|---|---|---|
| 001 | rc\3194265 | ||
| 005 | 20120628151041.3 | ||
| 021 |
_aRU _b76-40524 |
||
| 021 |
_aRU _bРг13159-76 |
||
| 035 | _a(NLR Aleph) 007341654 | ||
| 090 |
_a6115549 _c6115549 |
||
| 100 | _a20120628d1976 |||y0rusy50 ca | ||
| 101 | 0 | _arus | |
| 102 | _aRU | ||
| 105 | _aa z ||||| | ||
| 200 | 1 |
_aВлияние дефектов на пластичность и прочность сплавов _aЭкспериментальные методы исследования дефектов в кристаллах _aЭлектронная микроскопия _aИспользование электронно-микроскопического контраста для анализа природы дислокационных петель _fИн-т физики твердого тела АН СССР. Моск. ин-т стали и сплавов |
|
| 210 |
_aЧерноголовка _cБ. и. _d1976 |
||
| 215 |
_a43 с. _cил. _d21 |
||
| 320 | _aБиблиогр.: с. 43 | ||
| 700 | 1 |
_aМаксимов _bС. К. _gСергей Кириллович |
|
| 701 | 1 |
_aМышляев _bМ. М. _gМихаил Михайлович |
|
| 801 | 0 |
_aRU _bNLR _gpsbo |
|
| 801 | 1 |
_aRU _bELAR _2rusmarc |
|
| 852 |
_aNLR _j76-6/7141 |
||
| 942 | _cBOOK | ||
| 980 | _aNB | ||